ARRUPE JESUIT UNIVERSITY

CORONAVIRUS -STOP THE SPREAD - CLEAN,DISINFECT,COVER

Multiculturalism (Record no. 18749)

MARC details
000 -LEADER
fixed length control field 00908nam a2200289Ia 4500
003 - CONTROL NUMBER IDENTIFIER
control field 0100
005 - DATE AND TIME OF LATEST TRANSACTION
control field 20150907122836.0
008 - FIXED-LENGTH DATA ELEMENTS--GENERAL INFORMATION
fixed length control field 130303s9999 xx 000 0 und d
020 ## - INTERNATIONAL STANDARD BOOK NUMBER
International Standard Book Number 0691037795
040 ## - CATALOGING SOURCE
Transcribing agency ARRUPELIB
050 ## - LIBRARY OF CONGRESS CALL NUMBER
Classification number E184.A1M84 1994
300 ## - PHYSICAL DESCRIPTION
Other physical details 175p. 25cm.
100 ## - MAIN ENTRY--PERSONAL NAME
Personal name Taylor, Charles et al
9 (RLIN) 18970
245 ## - TITLE STATEMENT
Title Multiculturalism
245 ## - TITLE STATEMENT
Remainder of title examining the politics of recognition
260 ## - PUBLICATION, DISTRIBUTION, ETC. (IMPRINT)
Place of publication, distribution, etc Princeton
260 ## - PUBLICATION, DISTRIBUTION, ETC. (IMPRINT)
Name of publisher, distributor, etc Princeton University Press
Date of publication, distribution, etc 1994
300 ## - PHYSICAL DESCRIPTION
Extent xv
650 ## - SUBJECT ADDED ENTRY--TOPICAL TERM
Topical term or geographic name as entry element Multiculturalism
General subdivision political activity
Geographic subdivision United States
9 (RLIN) 18971
650 ## - SUBJECT ADDED ENTRY--TOPICAL TERM
Topical term or geographic name as entry element Multiculturalism
9 (RLIN) 628
650 ## - SUBJECT ADDED ENTRY--TOPICAL TERM
Topical term or geographic name as entry element Minorities
General subdivision political activity
Geographic subdivision United States
9 (RLIN) 18972
650 ## - SUBJECT ADDED ENTRY--TOPICAL TERM
Topical term or geographic name as entry element Minorities
General subdivision political activity
9 (RLIN) 18973
650 ## - SUBJECT ADDED ENTRY--TOPICAL TERM
Topical term or geographic name as entry element Political culture
Geographic subdivision United States
9 (RLIN) 18974
650 ## - SUBJECT ADDED ENTRY--TOPICAL TERM
Topical term or geographic name as entry element Political culture
9 (RLIN) 18975
700 ## - ADDED ENTRY--PERSONAL NAME
Personal name Gutmann, Amy (ed.)
9 (RLIN) 18976
942 00 - ADDED ENTRY ELEMENTS (KOHA)
Koha issues (borrowed), all copies 15
Source of classification or shelving scheme Library of Congress Classification
Koha item type Monograph ( Printed materials)
Holdings
Withdrawn status Lost status Source of classification or shelving scheme Damaged status Not for loan Collection code Home library Current library Shelving location Date acquired Total Checkouts Full call number Barcode Date last seen Date checked out Copy number Price effective from Koha item type
    Library of Congress Classification     Main Collection ARRUPE LIBRARY ARRUPE LIBRARY   04/03/2013 12 E184.A1M84 1994 46003040662 25/04/2018 06/04/2018 1 04/03/2013 Monograph ( Printed materials)
    Library of Congress Classification       ARRUPE LIBRARY ARRUPE LIBRARY Main Collection 28/01/2014 19 E184.A1M84 1994 46410989 13/10/2020 16/09/2020   28/01/2014  
    Library of Congress Classification     Main Collection ARRUPE LIBRARY ARRUPE LIBRARY Main Collection 27/08/2015 17 E184.A1M84 1994 46500004117 11/05/2023 27/03/2023   27/08/2015 Monograph ( Printed materials)

 

Arrupe Library. PO Box MP320 Mt Pleasant, Harare, Zimbabwe
263 242 745411|librarian@aju.ac.zw